| Tag |
First Indicator |
Second Indicator |
Subfields |
| LEADER |
00000cam a2200000 4500 |
| 001 |
in00000052499 |
| 005 |
20151007072109.0 |
| 008 |
800605s1905 gw ab 00010 ger d |
| 035 |
|
|
|a (OCoLC)06389028
|
| 035 |
|
|
|9 AAE7226AM
|
| 040 |
|
|
|a TXA
|c TXA
|d UtOrBLW
|
| 049 |
|
|
|a TXAM
|c [97528]
|
| 090 |
|
|
|a QE522
|b .B725 1905
|
| 092 |
|
|
|a 551.21
|b B816k
|
| 100 |
1 |
|
|a Branca, Wilhelm,
|d 1844-1928.
|
| 245 |
1 |
4 |
|a Das kryptovulcanische becken von Steinheim /
|c von W. Branco und Prof. Dr. E. Fraas ...
|
| 264 |
|
1 |
|a Berlin :
|b Georg Reimer,
|c 1905.
|
| 300 |
|
|
|a 64 pages :
|b illustrations, maps (part. folded)
|
| 336 |
|
|
|a text
|b txt
|2 rdacontent
|
| 337 |
|
|
|a unmediated
|b n
|2 rdamedia
|
| 338 |
|
|
|a volume
|b nc
|2 rdacarrier
|
| 650 |
|
0 |
|a Volcanoes.
|
| 700 |
1 |
|
|a Fraas, E.
|q (Eberhard),
|d 1862-1915.
|
| 999 |
|
|
|a MARS
|
| 999 |
f |
f |
|s 96687fe6-3cee-3a2f-b6a7-fb6349ad484a
|i 2995c1f0-e7bd-372c-a968-04b3c6f5983b
|t 0
|
| 952 |
f |
f |
|p ric
|a Texas A&M University
|b Rellis Campus
|c Joint Library Facility
|s JLF
|d Remote Storage
|t 0
|e QE522 .B725 1905
|h Library of Congress classification
|i unmediated -- volume
|m A14800950595
|
| 998 |
f |
f |
|a QE522 .B725 1905
|t 0
|l Remote Storage
|